000 00448nam a2200181Ia 4500
005 20240823032012.0
008 240823s9999||||xx |||||||||||||| ||und||
041 _aENGLISH
082 _A005.7565 N3
100 _a"Stultz,Russell"
245 0 _aLearn dBASE Programming in a Day
250 _a1st
260 _c1993
_b"BPB,New Delhi"
500 _aTRANSFERED
650 _aProgramming
_bComputer Applications
942 _cBK
999 _c192406
_d192406